Caracterización social, productiva, reproductiva y ambiental del sistema de producción ganadero doble propósito en el departamento de Putumayo /

Detalles Bibliográficos
Autores principales: Flórez Delgado, Dixon Fabián (Autor), Cely Leal, Dubel Reinaldo (Autor), Araque Chacón, Andrea Carolina (Autor)
Formato: Electrónico eBook
Lenguaje:español
Publicado: [Pamplona, Colombia] : Sello Editorial Unipamplona, [2024]
Edición:Primera edición.
Colección:Colección Ciencias pecuarias y agronomía (Universidad de Pamplona)
Materias:
Acceso en línea:Digitalia Hispánica

MARC

LEADER 00000nam a2200000 i 4500
001 DIGUPAMP0073
003 NyNyDIG
007 cr |||||||||||
008 250905s2024 ck a ob 000 0 spa d
006 m o d
035 |a (OCoLC)1536545243 
040 |a DGITA  |b eng  |e rda  |e pn  |c DGITA 
020 |a 9786287656352  |q (digital) 
024 7 |a 10.24054/seu.86  |2 doi 
043 |a s-ck--- 
050 1 4 |a SF196.C64 ebook 
100 1 |a Flórez Delgado, Dixon Fabián,  |e author. 
245 1 0 |a Caracterización social, productiva, reproductiva y ambiental del sistema de producción ganadero doble propósito en el departamento de Putumayo /  |c Dixon Fabián Flórez Delgado, Dubel Reinaldo Cely Leal, Andrea Carolina Araque Chacón. 
250 |a Primera edición. 
264 1 |a [Pamplona, Colombia] :  |b Sello Editorial Unipamplona,  |c [2024] 
300 |a 1 online resource :  |b illustrations. 
336 |a text  |b txt  |2 rdacontent 
337 |a computer  |b c  |2 rdamedia 
338 |a online resource  |b cr  |2 rdacarrier 
347 |a text file  |2 rdaft 
347 |b PDF 
490 1 |a Colección Ciencias pecuarias y agronomía 
504 |a Includes bibliographical references. 
588 0 |a Online resource; title from PDF title page (Digitalia, viewed September 5, 2025) 
650 0 |a Livestock  |z Colombia  |z Putumayo (Department) 
650 0 |a Cattle  |z Colombia  |z Putumayo (Department) 
700 1 |a Cely Leal, Dubel Reinaldo,  |e author. 
700 1 |a Araque Chacón, Andrea Carolina,  |e author. 
791 2 |a Digitalia (Firm),  |e distributor. 
793 0 |g Digitalia eBook Collection:  |a Universidad de Pamplona 
830 0 |a Colección Ciencias pecuarias y agronomía (Universidad de Pamplona) 
856 4 0 |3 Digitalia Hispánica  |u https://www.digitaliapublishing.com/a/175721/ 
910 |a Premium collection: 2025